[Event "IX Festival A"]
[Site "Cesenatico ITA"]
[Date "2004.09.09"]
[Round "6"]
[White "Del Nevo, Claudio"]
[Black "Maahs, Erich"]
[Result "0-1"]
[WhiteElo "1941"]
[BlackElo "2155"]
[PlyCount "74"]
[EventDate "2004.09.04"]

1. d4 d5 2. Nf3 a6 3. c3 Bf5 4. Bf4 e6 5. e3 Bd6 6. Bxd6 Qxd6 7. Bd3 Ne7 8. Qc2
Nd7 9. Nbd2 Bxd3 10. Qxd3 c5 11. b3 Nc6 12. O-O O-O 13. e4 cxd4 14. Nxd4 Nc5
15. Qe2 dxe4 16. Nxe4 Nxd4 17. cxd4 Qxd4 18. Nxc5 Qxc5 19. Rac1 Qe7 20. Qc4
Rad8 21. g3 h6 22. Qf4 e5 23. Qe4 f5 24. Qc4+ Kh7 25. Rfe1 Rfe8 26. Red1 e4 27.
Rxd8 Rxd8 28. Qe2 Qe5 29. Kg2 f4 30. Qc2 f3+ 31. Kg1 Qf5 32. h3 Rd2 33. Qc4 b5
34. Qc6 e3 35. Rf1 e2 36. Re1 Rd1 37. Qc3 Rxe1+ 0-1

[Event "IX Festival A"]
[Site "Cesenatico ITA"]
[Date "2004.09.09"]
[Round "6"]
[White "Estremera Panos, Sergio"]
[Black "Calzetta Ruiz, Monica"]
[Result "1/2-1/2"]
[WhiteElo "2341"]
[BlackElo "2289"]
[PlyCount "27"]
[EventDate "2004.09.04"]

1. e4 e5 2. Nf3 Nc6 3. Bb5 a6 4. Ba4 Nf6 5. O-O Be7 6. Re1 b5 7. Bb3 O-O 8. c3
d6 9. h3 Re8 10. d4 Bb7 11. Ng5 Rf8 12. Nf3 Re8 13. Ng5 Rf8 14. Nf3 1/2-1/2

[Event "IX Festival A"]
[Site "Cesenatico ITA"]
[Date "2004.09.09"]
[Round "6"]
[White "Frilli, Guido"]
[Black "Guglielmi, Giuseppe"]
[Result "1-0"]
[WhiteElo "2131"]
[BlackElo "1980"]
[PlyCount "87"]
[EventDate "2004.09.04"]

1. e4 c5 2. Nf3 d6 3. c3 Nf6 4. Be2 Nc6 5. d4 Qc7 6. O-O Bd7 7. Nbd2 e5 8. dxe5
dxe5 9. Qc2 Be7 10. Nc4 O-O 11. Bg5 Rad8 12. Bh4 Ng4 13. Bxe7 Nxe7 14. h3 b5
15. hxg4 bxc4 16. Nh4 g6 17. g5 Be6 18. Nf3 Nc8 19. Rfd1 Nb6 20. g3 Kg7 21. Kg2
Bg4 22. Nh2 Bxe2 23. Qxe2 Qe7 24. Qe3 Nd7 25. Ng4 f6 26. gxf6+ Nxf6 27. Nxf6
Kxf6 28. Qh6 Qg7 29. Qh4+ g5 30. Qg4 Qg6 31. Qe2 Qf7 32. Rxd8 Rxd8 33. Rd1 Rxd1
34. Qxd1 Kg6 35. Qd6+ Qf6 36. Qxc5 g4 37. Qxc4 Qf3+ 38. Kg1 Qd1+ 39. Kh2 Qd2
40. Qe6+ Kg7 41. Qxe5+ Kg6 42. Qe6+ Kg5 43. Qf5+ Kh6 44. Qf4+ 1-0

[Event "IX Festival A"]
[Site "Cesenatico ITA"]
[Date "2004.09.09"]
[Round "6"]
[White "Gaiba, Paolo"]
[Black "Lapenna, Antonio"]
[Result "1/2-1/2"]
[WhiteElo "2145"]
[BlackElo "2030"]
[PlyCount "126"]
[EventDate "2004.09.04"]

1. e4 c5 2. d4 cxd4 3. c3 dxc3 4. Nxc3 e6 5. Bc4 Nc6 6. Nf3 a6 7. e5 Qa5 8. Qe2
Bb4 9. Bd2 b5 10. Bd3 Nge7 11. O-O Bxc3 12. Bxc3 b4 13. Bd2 Ng6 14. a3 Qb6 15.
Rfe1 bxa3 16. bxa3 O-O 17. Rab1 Qc5 18. Rb3 Nd4 19. Nxd4 Qxd4 20. Rb4 Qa7 21.
Rc1 Rb8 22. h4 f5 23. exf6 Rxf6 24. h5 Nf8 25. Bc3 Rf7 26. Rg4 d6 27. Bd4 Qd7
28. Be3 a5 29. Qd2 a4 30. h6 g6 31. Rgc4 Bb7 32. Qb4 Rc8 33. Rxc8 Bxc8 34. Bb5
Qb7 35. Bxa4 Qxb4 36. axb4 Bb7 37. Rd1 d5 38. Bb3 Rc7 39. Bd4 Ba6 40. f3 Bc4
41. Rc1 Nd7 42. Kf2 Rb7 43. Bxc4 Rxb4 44. Bxd5 exd5 45. Rc8+ Kf7 46. Ke3 g5 47.
Rc7 Ke6 48. Rc6+ Ke7 49. Ra6 Ke8 50. Rd6 Rb5 51. Ra6 Kf7 52. f4 Rb3+ 53. Kf2
gxf4 54. Rd6 Nf8 55. Rxd5 Ne6 56. Rf5+ Ke7 57. Bf6+ Ke8 58. Be5 Rb4 59. Rf6 Ke7
60. Rf5 Ra4 61. Kf3 Ra3+ 62. Kf2 Ra2+ 63. Kg1 Ra4 1/2-1/2

[Event "IX Festival A"]
[Site "Cesenatico ITA"]
[Date "2004.09.09"]
[Round "6"]
[White "Galassi, Federico"]
[Black "Marholev, Dimitar"]
[Result "0-1"]
[WhiteElo "1943"]
[BlackElo "2350"]
[PlyCount "74"]
[EventDate "2004.09.04"]

1. e4 e5 2. Nf3 Nc6 3. d4 exd4 4. Nxd4 Bc5 5. Be3 Qf6 6. c3 Qg6 7. Nd2 Nge7 8.
f4 d5 9. e5 Bxd4 10. Bxd4 Nxd4 11. cxd4 Nc6 12. Nf3 Qe4+ 13. Be2 Qxf4 14. O-O
O-O 15. Kh1 Bg4 16. Qb3 Bxf3 17. Bxf3 Nxd4 18. Qxd5 c6 19. Qd7 Nxf3 20. Rxf3
Qxe5 21. Qxb7 Rab8 22. Qxa7 Rxb2 23. Raf1 Qg5 24. R3f2 Rxf2 25. Qxf2 Qd5 26.
Qa7 Re8 27. h3 h5 28. Qf2 Ra8 29. Ra1 Ra3 30. Kg1 Rd3 31. Re1 Kh7 32. Qc2 g6
33. Rc1 Rd2 34. Qxc6 Rd1+ 35. Kh2 Qe5+ 36. g3 Rd2+ 37. Kh1 Qxg3 0-1

[Event "IX Festival A"]
[Site "Cesenatico ITA"]
[Date "2004.09.09"]
[Round "6"]
[White "Giorgi, Sandro"]
[Black "Del Vecchio, Gastone"]
[Result "1-0"]
[WhiteElo "1599"]
[BlackElo "1896"]
[PlyCount "73"]
[EventDate "2004.09.04"]

1. c4 Nf6 2. Nc3 g6 3. e4 d6 4. d4 Bg7 5. Nf3 O-O 6. Be2 c5 7. O-O cxd4 8. Nxd4
Nc6 9. Be3 Kh8 10. Qd2 Ng8 11. Nxc6 bxc6 12. Bd4 e5 13. Be3 f5 14. Bg5 Bf6 15.
Bxf6+ Qxf6 16. Rad1 Rd8 17. f4 Bb7 18. Bf3 Ne7 19. fxe5 Qxe5 20. Qd4 c5 21.
Qxe5+ dxe5 22. Nd5 Nxd5 23. cxd5 Ba6 24. Rf2 Rd6 25. b3 c4 26. bxc4 Bxc4 27.
Rc2 Bb5 28. Rdc1 Rad8 29. Rc3 f4 30. Rc7 a6 31. Ra7 R6d7 32. Rcc7 Rxc7 33. Rxc7
Rd7 34. Rxd7 Bxd7 35. Be2 Bb5 36. Bxb5 axb5 37. d6 1-0

[Event "IX Festival A"]
[Site "Cesenatico ITA"]
[Date "2004.09.09"]
[Round "6"]
[White "Giussani, Igor"]
[Black "Maddaloni, Giovanni"]
[Result "1-0"]
[WhiteElo "1670"]
[BlackElo "1849"]
[PlyCount "75"]
[EventDate "2004.09.04"]

1. d4 Nf6 2. Nf3 e6 3. e3 d5 4. Bd3 c5 5. c3 Nc6 6. Nbd2 Bd6 7. O-O O-O 8. dxc5
Bxc5 9. e4 a6 10. e5 Nd7 11. Nb3 Be7 12. Re1 f5 13. exf6 Nxf6 14. Bg5 Qe8 15.
Qe2 Qh5 16. Bh4 Bd6 17. Bg3 Bxg3 18. fxg3 Bd7 19. Ne5 Qxe5 20. Qxe5 Nxe5 21.
Rxe5 Rae8 22. h3 g6 23. Nc5 Bc8 24. Rae1 Rf7 25. Bc2 b6 26. Nd3 Rfe7 27. Nf4
Kf7 28. Kf2 g5 29. Rxg5 e5 30. Nh5 e4 31. Nxf6 Kxf6 32. Rxd5 Bb7 33. Rd6+ Kg7
34. Ke3 b5 35. Red1 Rc8 36. Rd7 Rc7 37. Rxe7+ Rxe7 38. Rd4 1-0

[Event "IX Festival A"]
[Site "Cesenatico ITA"]
[Date "2004.09.09"]
[Round "6"]
[White "Gromovs, Sergejs"]
[Black "Kemeny, Matthias"]
[Result "1-0"]
[WhiteElo "2341"]
[BlackElo "2074"]
[PlyCount "87"]
[EventDate "2004.09.04"]

1. d4 Nf6 2. Nf3 g6 3. c4 Bg7 4. Nc3 d5 5. cxd5 Nxd5 6. e4 Nxc3 7. bxc3 c5 8.
Rb1 O-O 9. Be2 Qa5 10. O-O Qxa2 11. Bg5 Qe6 12. e5 Rd8 13. Qa4 Nc6 14. Rfd1
cxd4 15. cxd4 Qd7 16. Bb5 Qc7 17. Rbc1 Be6 18. Qa3 Rd7 19. Bf4 h6 20. Qe3 Kh7
21. h4 Qd8 22. h5 Bd5 23. hxg6+ fxg6 24. e6 Bxf3 25. gxf3 Rxd4 26. Bd3 Qf8 27.
Be4 Rad8 28. Re1 Qf6 29. Kg2 Nb4 30. Bxh6 Bxh6 31. Rh1 Qg7 32. Rxh6+ Qxh6 33.
Rh1 Qxh1+ 34. Kxh1 Nd3 35. Kg2 R8d6 36. Bxd3 Rxd3 37. Qf4 R6d5 38. Qf7+ Kh6 39.
Qxe7 Rd1 40. f4 Rh5 41. Qf8+ Kh7 42. Qf7+ Kh6 43. Qg8 g5 44. f5 1-0

[Event "IX Festival A"]
[Site "Cesenatico ITA"]
[Date "2004.09.09"]
[Round "6"]
[White "Guccione, Daniele"]
[Black "Setti, Denis"]
[Result "0-1"]
[WhiteElo "1814"]
[BlackElo "1754"]
[PlyCount "149"]
[EventDate "2004.09.04"]

1. e4 c5 2. Nf3 d6 3. d4 cxd4 4. Nxd4 Nf6 5. Nc3 a6 6. Be2 e6 7. O-O Be7 8. Be3
b5 9. f4 Qc7 10. a3 Bb7 11. Bf3 Nbd7 12. Nb3 Rc8 13. Qd2 O-O 14. g4 Rfd8 15. g5
Ne8 16. Qg2 Nb6 17. Na5 Ba8 18. Rac1 Na4 19. Nxa4 bxa4 20. Bd2 Qb6+ 21. Qf2
Qxb2 22. Bb4 e5 23. Bg4 Rc7 24. fxe5 Bxg5 25. Be6 Be3 26. Qxe3 fxe6 27. Qf2 h6
28. exd6 Rcd7 29. Nc4 Qf6 30. Qxf6 gxf6 31. Rf4 Rg7+ 32. Kf2 e5 33. Rh4 Kh7 34.
Ke3 Bc6 35. Na5 Ba8 36. Rd1 Rgd7 37. Nc4 Bc6 38. Rg4 Bb5 39. Nb6 Rb7 40. Nd5
Bd7 41. Rg2 Be6 42. c4 a5 43. c5 axb4 44. Nxb4 Rg7 45. Rgd2 Rgd7 46. Nc6 Rc8
47. Nb8 Rxb8 48. c6 Nxd6 49. Rxd6 Rxd6 50. Rxd6 Re8 51. Kd3 Kg7 52. Kc3 Kf7 53.
Kb4 Ke7 54. Rd2 Rd8 55. Rxd8 Kxd8 56. Kxa4 Kc7 57. Kb5 h5 58. a4 Bh3 59. Kc5
Be6 60. a5 Bc8 61. Kd5 h4 62. Kc5 Ba6 63. Kd5 Bd3 64. Ke6 Kxc6 65. Kxf6 Kd6 66.
h3 Bxe4 67. Kg5 Bf3 68. Kxh4 e4 69. Kg3 Bh5 70. Kf4 Bg6 71. Ke3 Kc6 72. h4 Kb5
73. a6 Kxa6 74. h5 Bf7 75. h6 {...} 0-1

[Event "IX Festival A"]
[Site "Cesenatico ITA"]
[Date "2004.09.09"]
[Round "6"]
[White "Hess, Christian Mathias"]
[Black "Mrdja, Milan"]
[Result "0-1"]
[WhiteElo "2318"]
[BlackElo "2432"]
[PlyCount "23"]
[EventDate "2004.09.04"]

1. Nf3 g6 2. e4 Bg7 3. d4 d6 4. Nc3 a6 5. Be3 Nd7 6. Qd2 e6 7. Bd3 h6 8. a4 b6
9. O-O Bb7 10. Rfe1 Ne7 11. Rad1 Nf6 12. h3 {...} 0-1

[Event "IX Festival A"]
[Site "Cesenatico ITA"]
[Date "2004.09.09"]
[Round "6"]
[White "Koller, Hubert"]
[Black "Bentivegna, Francesco"]
[Result "1/2-1/2"]
[WhiteElo "2107"]
[BlackElo "2250"]
[PlyCount "93"]
[EventDate "2004.09.04"]

1. d4 d5 2. c4 Nc6 3. Nf3 Bg4 4. Nc3 e6 5. e3 Nf6 6. cxd5 exd5 7. Be2 Bd6 8.
O-O O-O 9. Bd2 a6 10. Rc1 Re8 11. Na4 Ne4 12. Nc5 Rb8 13. b3 Na7 14. h3 Bh5 15.
a4 Qe7 16. Nxe4 dxe4 17. Ne1 Bxe2 18. Qxe2 Nc8 19. f4 f5 20. g4 Qf7 21. Qc4 b5
22. Qxf7+ Kxf7 23. Ba5 Ne7 24. Kf2 bxa4 25. bxa4 Rb2+ 26. Rc2 Reb8 27. Bc3
Rxc2+ 28. Nxc2 Nd5 29. Bd2 Rb2 30. Rc1 g6 31. g5 Ke6 32. Ke1 Ra2 33. a5 Rb2 34.
Kd1 Rb3 35. h4 Kd7 36. Ke2 Rb2 37. Kd1 Rb5 38. Ke2 Rb3 39. Rh1 Rb2 40. Kd1 Kc6
41. Kc1 Rb3 42. h5 Rb8 43. hxg6 hxg6 44. Rh6 Rg8 45. Kb2 Kb5 46. Kb3 Ne7 47.
Bb4 1/2-1/2

[Event "IX Festival A"]
[Site "Cesenatico ITA"]
[Date "2004.09.09"]
[Round "6"]
[White "Koops, Randolf"]
[Black "Aldrovandi, Costantino"]
[Result "1-0"]
[WhiteElo "2118"]
[BlackElo "2275"]
[PlyCount "65"]
[EventDate "2004.09.04"]

1. d4 Nf6 2. Nf3 g6 3. c4 Bg7 4. Nc3 d6 5. e4 O-O 6. h3 c5 7. d5 a6 8. Be2 b5
9. Qc2 b4 10. Nd1 a5 11. g4 a4 12. a3 Qa5 13. Bd2 e6 14. g5 Nh5 15. Nh4 exd5
16. Bxh5 dxe4 17. Bg4 Nc6 18. Ne3 Nd4 19. Qxe4 Nb3 20. Rd1 Bxb2 21. O-O Bxa3
22. Nd5 Bb2 23. Bxc8 Raxc8 24. Nf6+ Bxf6 25. gxf6 Nxd2 26. Rxd2 Rce8 27. Qf4
Re6 28. Rfd1 b3 29. Rxd6 Rxd6 30. Qxd6 b2 31. Nf5 Qa8 32. Qf4 Kh8 33. Qh6 1-0

[Event "IX Festival A"]
[Site "Cesenatico ITA"]
[Date "2004.09.09"]
[Round "6"]
[White "Lagrotteria, Salvatore"]
[Black "De Andres Gonalons, Fernando"]
[Result "1/2-1/2"]
[WhiteElo "2209"]
[BlackElo "2087"]
[PlyCount "137"]
[EventDate "2004.09.04"]

1. d4 d5 2. Nf3 c5 3. e3 e6 4. Be2 Nf6 5. O-O Nc6 6. c4 dxc4 7. Bxc4 a6 8. a4
Be7 9. Nc3 O-O 10. Ne2 b6 11. Bd2 Bb7 12. Bc3 cxd4 13. Nfxd4 Nxd4 14. Bxd4 b5
15. Bb3 Qd6 16. Ng3 bxa4 17. Rxa4 Bc6 18. Ra5 Bb5 19. Re1 Rfd8 20. Bc3 Qxd1 21.
Rxd1 Rxd1+ 22. Bxd1 Nd5 23. Bd2 Rc8 24. Ra1 Bf6 25. Rc1 Rxc1 26. Bxc1 Bd3 27.
f3 Kf8 28. Kf2 g6 29. Ne4 Bxe4 30. fxe4 Nb4 31. Be2 Na2 32. Bd2 Bxb2 33. Bxa6
Bc3 34. Ke2 Ke7 35. Bxc3 Nxc3+ 36. Kd3 Na4 37. Bc4 Kd6 38. Kd4 f6 39. Be2 Nc5
40. Bf3 Nd7 41. g3 Ne5 42. Be2 Nc6+ 43. Kc4 Ke5 44. Bf3 Nd8 45. h4 Nb7 46. Bg2
h5 47. Bf3 Nd8 48. Kd3 Nb7 49. Kc4 Nd6+ 50. Kd3 f5 51. exf5 Nxf5 52. g4 Nxh4
53. Be2 hxg4 54. Bxg4 Nf5 55. Ke2 Nh6 56. Bf3 Kf5 57. Bc6 Kg5 58. Bd7 e5 59.
Kf3 Ng8 60. Kg3 Nf6 61. Bc8 Ne4+ 62. Kf3 Nd6 63. Bd7 Kh4 64. Be6 g5 65. Bd7 e4+
66. Kf2 g4 67. Kg2 Nc4 68. Bc6 Nxe3+ 69. Kg1 1/2-1/2

[Event "IX Festival A"]
[Site "Cesenatico ITA"]
[Date "2004.09.09"]
[Round "6"]
[White "Lausen, Berthold"]
[Black "Cottarelli, Franco"]
[Result "0-1"]
[WhiteElo "2059"]
[BlackElo "1942"]
[PlyCount "78"]
[EventDate "2004.09.04"]

1. d4 f5 2. Bg5 d6 3. Nc3 Nd7 4. e4 Ndf6 5. Bd3 fxe4 6. Nxe4 Bg4 7. Ne2 c6 8.
c3 Qa5 9. Bh4 Nxe4 10. Bxe4 Nf6 11. Bd3 Nd5 12. Qd2 O-O-O 13. b4 Qa3 14. Rc1 g6
15. f3 Bf5 16. Bf2 Bxd3 17. Qxd3 Nf4 18. Qd2 Nxe2 19. Kxe2 Bg7 20. Rhd1 e5 21.
d5 Qa6+ 22. c4 cxd5 23. b5 Qa4 24. Qxd5 e4 25. b6 exf3+ 26. gxf3 a6 27. Kf1
Qxa2 28. Qf7 Rd7 29. Qe6 Be5 30. Rd3 Bxh2 31. Rcd1 Rf8 32. R1d2 Qa1+ 33. Kg2
Qe5 34. Qh3 Bf4 35. Rxd6 Qg5+ 36. Kf1 Bxd6 37. Rxd6 Qf5 38. Rxd7 Kxd7 39. Qxh7+
Rf7 0-1

[Event "IX Festival A"]
[Site "Cesenatico ITA"]
[Date "2004.09.09"]
[Round "6"]
[White "Lombardini, Giulio"]
[Black "Russo, Carmelo"]
[Result "1-0"]
[WhiteElo "2072"]
[BlackElo "1835"]
[PlyCount "65"]
[EventDate "2004.09.04"]

1. e4 c5 2. Nf3 d6 3. d4 cxd4 4. Nxd4 Nf6 5. Nc3 g6 6. f3 Bg7 7. Nb3 Nc6 8. Qe2
O-O 9. Be3 Be6 10. O-O-O a5 11. Na4 Nb4 12. Kb1 Rc8 13. c3 Nxa2 14. Kxa2 b5 15.
Qxb5 Rb8 16. Bb6 Qd7 17. c4 Qxb5 18. cxb5 Nd7 19. Be3 Rfc8 20. Ka3 Ne5 21. Rc1
Rxc1 22. Bxc1 Nc4+ 23. Bxc4 Bxc4 24. b6 Be5 25. f4 Bxf4 26. Bxf4 Bd3 27. Re1
Rc8 28. Nxa5 d5 29. Bd2 Bb5 30. b7 Rd8 31. Rc1 Bd7 32. Rc7 Be6 33. Nc6 1-0

[Event "IX Festival A"]
[Site "Cesenatico ITA"]
[Date "2004.09.09"]
[Round "6"]
[White "Masotti, Roberto"]
[Black "Carola, Paolo"]
[Result "1-0"]
[WhiteElo "1874"]
[BlackElo "2053"]
[PlyCount "79"]
[EventDate "2004.09.04"]

1. Nf3 f5 2. c4 Nf6 3. g3 g6 4. Bg2 Bg7 5. Nc3 O-O 6. d4 d6 7. O-O Qe8 8. d5 e5
9. dxe6 Qxe6 10. Ng5 Qe7 11. c5 Nbd7 12. Nd5 Nxd5 13. Bxd5+ Kh8 14. Ne6 Nxc5
15. Nxf8 Qxf8 16. Rb1 f4 17. Bxf4 Bf5 18. e4 Nxe4 19. Rc1 g5 20. f3 Nc5 21.
Bxg5 Bh3 22. Rf2 Qf5 23. Qd2 Re8 24. g4 Qe5 25. Bf7 Nd3 26. Qxd3 Qxg5 27. Rfc2
Re7 28. Bb3 c6 29. Rd1 h5 30. Re2 hxg4 31. f4 Qf6 32. Rxe7 Qxe7 33. Bc2 Bf6 34.
Qg6 c5 35. Qh6+ Kg8 36. Kf2 Bd4+ 37. Rxd4 cxd4 38. Bb3+ Qf7 39. Bxf7+ Kxf7 40.
Qh5+ 1-0

[Event "IX Festival A"]
[Site "Cesenatico ITA"]
[Date "2004.09.09"]
[Round "6"]
[White "Molina, Fabrizio"]
[Black "Di Caro, Calogero"]
[Result "0-1"]
[WhiteElo "2246"]
[BlackElo "2322"]
[PlyCount "56"]
[EventDate "2004.09.04"]

1. c4 Nf6 2. g3 e5 3. Bg2 c6 4. Nc3 d5 5. cxd5 cxd5 6. d4 exd4 7. Qxd4 Nc6 8.
Qa4 d4 9. Ne4 Nxe4 10. Bxe4 Bb4+ 11. Kf1 Bd7 12. Bxc6 Bxc6 13. Qxb4 Bxh1 14. f3
Qd5 15. Bf4 a5 16. Qb3 Qf5 17. Bd6 Rd8 18. Qb6 Qd5 19. Bc5 Rc8 20. Rc1 Qc6 21.
Qxc6+ Rxc6 22. b3 f6 23. Rc4 b5 24. Rc1 Kf7 25. a3 Rd8 26. b4 d3 27. Rd1 dxe2+
28. Kxe2 Re6+ 0-1

[Event "IX Festival A"]
[Site "Cesenatico ITA"]
[Date "2004.09.09"]
[Round "6"]
[White "Ori, Marco"]
[Black "Bonacci, Mauro"]
[Result "0-1"]
[WhiteElo "2081"]
[BlackElo "2204"]
[PlyCount "82"]
[EventDate "2004.09.04"]

1. e4 c5 2. Nf3 e6 3. d4 cxd4 4. Nxd4 Nf6 5. Nc3 d6 6. Be2 a6 7. O-O Be7 8. Be3
Qc7 9. f4 O-O 10. a4 b6 11. Kh1 Bb7 12. Bf3 Nbd7 13. Qe1 Nc5 14. Bg1 g6 15. e5
Ne8 16. Qg3 Bxf3 17. Rxf3 Ng7 18. Re1 d5 19. f5 Ne4 20. Nxe4 dxe4 21. Rxe4 exf5
22. Re1 Qd7 23. b3 Bc5 24. c3 Bxd4 25. Bxd4 b5 26. axb5 axb5 27. Qh4 Qe6 28.
Rh3 h5 29. b4 Rfd8 30. Rhe3 Ra2 31. R3e2 Rda8 32. Qf2 Qc4 33. e6 Nxe6 34. Rd2
Ra1 35. Red1 Rxd1+ 36. Rxd1 Ra2 37. Qe1 Qc6 38. Qg1 Qe4 39. h3 f4 40. Kh2 f3
41. Bf2 Qe5+ 0-1

[Event "IX Festival A"]
[Site "Cesenatico ITA"]
[Date "2004.09.09"]
[Round "6"]
[White "Pompili, Ugo"]
[Black "Steccanella, Sergio"]
[Result "1-0"]
[WhiteElo "1801"]
[BlackElo "1724"]
[PlyCount "130"]
[EventDate "2004.09.04"]

1. Nf3 Nf6 2. g3 g6 3. Bg2 Bg7 4. O-O O-O 5. d3 Nc6 6. c3 d6 7. Nbd2 Bd7 8. e4
Qc8 9. Re1 e5 10. Nf1 Ng4 11. Ne3 Nxe3 12. Bxe3 h6 13. Qd2 Kh7 14. h4 Ne7 15.
Nh2 f5 16. c4 Nc6 17. Nf3 fxe4 18. dxe4 Be6 19. b3 a5 20. a4 Nb4 21. Rac1 c5
22. Nh2 Rf7 23. Red1 Ra6 24. Qe2 Rb6 25. Rb1 Bf8 26. g4 Nc6 27. Kh1 Nd4 28.
Bxd4 cxd4 29. f3 Bd7 30. Qd2 Qc5 31. Rg1 Rf4 32. Bh3 Rb4 33. Qg2 g5 34. hxg5
hxg5 35. Nf1 Bxa4 36. Nd2 Be8 37. Qh2 Rf6 38. Kg2 d3 39. Rh1 Qe3 40. Kf1 Rh6
41. Re1 Qd4 42. Qg3 a4 43. Bg2 a3 44. Qf2 Rxh1+ 45. Bxh1 Qc3 46. Nb1 Qb2 47.
Qxb2 axb2 48. Nd2 Rb6 49. Rb1 Ra6 50. Rxb2 b5 51. Kf2 Ra1 52. Bg2 Rc1 53. Ke3
Rc2 54. Rb1 bxc4 55. bxc4 Rc3 56. Rb8 d5 57. exd5 Bc5+ 58. Ke4 Bg6+ 59. Kxe5
Rc2 60. d6 Rxd2 61. d7 Re2+ 62. Kd5 Be7 63. Bf1 Bf7+ 64. Kd4 Re6 65. Bxd3+ Kg7
1-0

[Event "IX Festival A"]
[Site "Cesenatico ITA"]
[Date "2004.09.09"]
[Round "6"]
[White "Popa, Claudiu"]
[Black "Battaglia, Edoardo"]
[Result "1-0"]
[WhiteElo "2183"]
[BlackElo "1877"]
[PlyCount "115"]
[EventDate "2004.09.04"]

1. e4 c6 2. d4 d5 3. Nd2 dxe4 4. Nxe4 Nf6 5. Ng3 h5 6. h4 Qc7 7. Be2 Bg4 8.
Bxg4 hxg4 9. N1e2 e6 10. Bf4 Bd6 11. Qd2 Nbd7 12. O-O-O O-O-O 13. Bxd6 Qxd6 14.
Qg5 Qd5 15. Qxd5 exd5 16. Nf5 Ne8 17. h5 Ndf6 18. Neg3 Nd6 19. Nxd6+ Rxd6 20.
Nf5 Rdd8 21. Nxg7 Ne4 22. Rdf1 Rd6 23. Nf5 Rf6 24. f3 Rxf5 25. fxe4 Rfxh5 26.
Rxh5 Rxh5 27. e5 Rh2 28. Rf2 g3 29. Re2 Kd7 30. Kd2 Rh4 31. Ke3 Ke6 32. c3 Rg4
33. Kf3 Rg7 34. Kf4 f6 35. exf6+ Kxf6 36. Re3 Rh7 37. Rxg3 Rh1 38. Rf3 Rg1 39.
Rf2 Re1 40. Kg4+ Kg6 41. g3 Re4+ 42. Kf3 Re7 43. Re2 Rf7+ 44. Kg4 Kh6 45. Re6+
Kh7 46. Kg5 Kg7 47. g4 Rd7 48. Kf5 Kf7 49. g5 Kg7 50. g6 Rc7 51. Re2 a6 52. Rh2
Kg8 53. Rh7 Rc8 54. Rxb7 Rf8+ 55. Ke6 Rf2 56. g7 a5 57. Kd6 Rf6+ 58. Kc5 1-0

[Event "IX Festival A"]
[Site "Cesenatico ITA"]
[Date "2004.09.09"]
[Round "6"]
[White "Pozzi, Enrico"]
[Black "Russi, Roberto"]
[Result "1/2-1/2"]
[WhiteElo "2208"]
[BlackElo "2086"]
[PlyCount "58"]
[EventDate "2004.09.04"]

1. e4 c5 2. Nf3 e6 3. d4 cxd4 4. Nxd4 Nc6 5. Nxc6 bxc6 6. Bd3 d5 7. O-O Nf6 8.
Nd2 Be7 9. Qe2 O-O 10. c4 a5 11. Rd1 Qc7 12. e5 Nd7 13. Nf3 dxc4 14. Bxc4 Rd8
15. Bf4 Nb6 16. Bd3 Nd5 17. Qe4 g6 18. Bg5 Bxg5 19. Nxg5 h6 20. Nf3 Ba6 21. Nd4
Kg7 22. Nxe6+ fxe6 23. Qxg6+ Kf8 24. Bxa6 Rxa6 25. Qxh6+ Ke7 26. Qg7+ Ke8 27.
Qg8+ Ke7 28. Qh7+ Ke8 29. Qg8+ Ke7 1/2-1/2

[Event "IX Festival A"]
[Site "Cesenatico ITA"]
[Date "2004.09.09"]
[Round "6"]
[White "Pruesse, Horst"]
[Black "Dragojlovic, Andjelko"]
[Result "0-1"]
[WhiteElo "2126"]
[BlackElo "2309"]
[PlyCount "64"]
[EventDate "2004.09.04"]

1. e4 c5 2. d4 cxd4 3. c3 g6 4. cxd4 d5 5. e5 Nc6 6. Nc3 Nh6 7. Bb5 Bd7 8. Nf3
Nf5 9. g4 Ng7 10. h3 h5 11. Rg1 hxg4 12. hxg4 Ne6 13. Be3 Nc7 14. Ba4 Qc8 15.
Nd2 a6 16. Bb3 e6 17. Na4 Qd8 18. Nb6 Rb8 19. Qf3 Nb5 20. Nxd7 Qxd7 21. Ba4 Rc8
22. Rh1 Rxh1+ 23. Qxh1 Nbxd4 24. Bxc6 Nxc6 25. Qh8 Qc7 26. Rc1 Kd7 27. Bf4 g5
28. Bg3 Qa5 29. Qf6 Bb4 30. Qxg5 Nd4 31. Kd1 Rxc1+ 32. Kxc1 Qc5+ 0-1

[Event "IX Festival A"]
[Site "Cesenatico ITA"]
[Date "2004.09.09"]
[Round "6"]
[White "Salerni, Guido"]
[Black "Rossi, Giampiero"]
[Result "1/2-1/2"]
[WhiteElo "1691"]
[BlackElo "2012"]
[PlyCount "129"]
[EventDate "2004.09.04"]

1. e4 c5 2. d3 e6 3. g3 Nc6 4. Bg2 d6 5. Nf3 Nf6 6. O-O Be7 7. Re1 O-O 8. Nbd2
Qc7 9. c3 Rd8 10. Nf1 Bd7 11. Bg5 h6 12. Bd2 Rac8 13. d4 cxd4 14. Nxd4 Nxd4 15.
cxd4 Bc6 16. Rc1 Qd7 17. Bf4 d5 18. e5 Nh7 19. h4 Bb5 20. Nh2 Rxc1 21. Bxc1 Bb4
22. Bd2 Bxd2 23. Qxd2 Rc8 24. Rc1 Rxc1+ 25. Qxc1 Qc6 26. Qxc6 Bxc6 27. f4 Kf8
28. Ng4 Ke7 29. Kf2 Nf8 30. Ke3 Kd7 31. Kd2 Kc7 32. Kc3 Ng6 33. Ne3 Ne7 34. Bh3
h5 35. f5 Bd7 36. Bg2 g6 37. f6 Nc6 38. Bf3 Kd8 39. Ng2 Ke8 40. Nf4 Kf8 41. Nh3
b6 42. Ng5 Nd8 43. g4 hxg4 44. Bxg4 Bb5 45. Kb4 Be8 46. Be2 Nc6+ 47. Kc3 Nd8
48. h5 gxh5 49. Bxh5 Nc6 50. Be2 Nd8 51. Nf3 Bd7 52. Nd2 Nc6 53. Nb1 a5 54. a3
Ke8 55. b4 axb4+ 56. axb4 Na7 57. Na3 Kf8 58. Kd2 Ke8 59. Ke3 Kf8 60. Kf4 Ke8
61. Bd3 Nc6 62. Nc2 Na7 63. Na3 Nc6 64. Nc2 Na7 65. Na3 1/2-1/2

[Event "IX Festival A"]
[Site "Cesenatico ITA"]
[Date "2004.09.09"]
[Round "6"]
[White "Sanzani, Pierluigi"]
[Black "Vincenzi, Andrea"]
[Result "1-0"]
[WhiteElo "1955"]
[BlackElo "1807"]
[PlyCount "57"]
[EventDate "2004.09.04"]

1. e4 e5 2. Nf3 Nc6 3. d4 exd4 4. Nxd4 Bc5 5. Be3 Qf6 6. c3 a6 7. Nc2 Bxe3 8.
Nxe3 Nge7 9. Be2 d6 10. O-O Ng6 11. Nd5 Qd8 12. f4 O-O 13. Bc4 Na5 14. Bd3 c6
15. Ne3 b5 16. Nd2 Qb6 17. Qe1 f5 18. Kh1 fxe4 19. Bxe4 Qc7 20. Qg3 Rf6 21. Nd5
Qd8 22. Nxf6+ Qxf6 23. b4 d5 24. Bxg6 hxg6 25. bxa5 Bf5 26. Qe3 Rf8 27. Rae1
Kh7 28. Nf3 Kg8 29. Ng5 1-0

[Event "IX Festival A"]
[Site "Cesenatico ITA"]
[Date "2004.09.09"]
[Round "6"]
[White "Tomescu, Vlad"]
[Black "Roeder, Matthias"]
[Result "1/2-1/2"]
[WhiteElo "2397"]
[BlackElo "2431"]
[PlyCount "28"]
[EventDate "2004.09.04"]

1. d4 Nf6 2. c4 e6 3. Nc3 d5 4. Nf3 Be7 5. Bf4 O-O 6. e3 c5 7. cxd5 Nxd5 8.
Nxd5 exd5 9. dxc5 Bxc5 10. a3 Nc6 11. b4 Be7 12. h4 Bg4 13. Bd3 h6 14. Rc1 Bxf3
1/2-1/2

[Event "IX Festival A"]
[Site "Cesenatico ITA"]
[Date "2004.09.09"]
[Round "6"]
[White "Trabert, Bettina"]
[Black "Rotstein, Arkadij"]
[Result "1/2-1/2"]
[WhiteElo "2312"]
[BlackElo "2524"]
[PlyCount "67"]
[EventDate "2004.09.04"]

1. e4 c5 2. Nf3 d6 3. d4 cxd4 4. Nxd4 Nf6 5. Nc3 e6 6. Be2 Be7 7. O-O a6 8. a4
O-O 9. Be3 Nc6 10. f4 Bd7 11. Kh1 Rc8 12. Nb3 Nb4 13. Bf3 e5 14. Rf2 Be6 15. f5
Bc4 16. Nd2 d5 17. Nxc4 Rxc4 18. exd5 e4 19. Be2 Rc8 20. Bd4 Nbxd5 21. Nxd5
Nxd5 22. c4 Nb4 23. Rf4 Bf6 24. Rxe4 Bxd4 25. Rxd4 Qf6 26. Rd6 Qxb2 27. Rb1 Qa3
28. f6 Rfe8 29. h3 a5 30. fxg7 Qe3 31. Bf3 Rxc4 32. Rd8 b6 33. Rxe8+ Qxe8 34.
Qd6 {...} 1/2-1/2

[Event "IX Festival A"]
[Site "Cesenatico ITA"]
[Date "2004.09.09"]
[Round "6"]
[White "Traversi, Carlo"]
[Black "Weinberg, Emanuele"]
[Result "1/2-1/2"]
[WhiteElo "1792"]
[BlackElo "1952"]
[PlyCount "60"]
[EventDate "2004.09.04"]

1. e4 Nf6 2. Nc3 d5 3. e5 Ne4 4. d4 Nxc3 5. bxc3 e6 6. Bd3 c5 7. Nf3 b6 8. O-O
Ba6 9. Re1 Be7 10. a4 Bxd3 11. Qxd3 h6 12. Ba3 Nd7 13. Reb1 O-O 14. c4 dxc4 15.
Qxc4 cxd4 16. Qxd4 Bxa3 17. Rxa3 Nc5 18. Rd1 Qxd4 19. Rxd4 Rfd8 20. c3 f6 21.
Kf1 Kf7 22. a5 bxa5 23. Rxd8 Rxd8 24. Rxa5 Nd3 25. Rxa7+ Kg6 26. exf6 gxf6 27.
g3 Rc8 28. h3 Rc4 29. Nh4+ Kh5 30. Ra5+ Rc5 1/2-1/2